ბათუმის შოთა რუსთაველის სახელმწიფო უნივერსიტეტის ბიბლიოთეკა

Total English. Pre-Intermediate.Workbook With key (ბიბ.ჩანაწერი № 50873)

000 -LEADER
fixed length control field 00757nam a2200253Ia 4500
001 - CONTROL NUMBER
control field 17828
003 - CONTROL NUMBER IDENTIFIER
control field GE_BSU
005 - DATE AND TIME OF LATEST TRANSACTION
control field 20221114115834.0
008 - FIXED-LENGTH DATA ELEMENTS--GENERAL INFORMATION
fixed length control field 181216s2012en xx |||||||||||||| ||eng||
020 ## - INTERNATIONAL STANDARD BOOK NUMBER
International Standard Book Number 9781408267370x
040 ## - CATALOGING SOURCE
Transcribing agency GE_BSU
041 ## - LANGUAGE CODE
Language code of text/sound track or separate title eng
080 ## - UNIVERSAL DECIMAL CLASSIFICATION NUMBER
Universal Decimal Classification number 811.111(076) C-87
100 ## - MAIN ENTRY--PERSONAL NAME
Personal name Clare, Antonia.
9 (RLIN) 1647
245 ## - TITLE STATEMENT
Title Total English. Pre-Intermediate.Workbook With key
Remainder of title New : /
Statement of responsibility, etc. Antonia Clare ; J.J.Wilson ; Wil Moreton.
264 ## - PRODUCTION, PUBLICATION, DISTRIBUTION, MANUFACTURE, AND COPYRIGHT NOTICE
Place of production, publication, distribution, manufacture Edinburg :
Name of producer, publisher, distributor, manufacturer Pearson,
Date of production, publication, distribution, manufacture, or copyright notice 2011.
300 ## - PHYSICAL DESCRIPTION
Extent 96 p.:
Other physical details ill ;
Dimensions 29 cm.
653 ## - INDEX TERM--UNCONTROLLED
keyword Total English. Pre-Intermediate.
653 ## - INDEX TERM--UNCONTROLLED
keyword Workbook With key
653 ## - INDEX TERM--UNCONTROLLED
keyword ინგლისური ენა
700 ## - ADDED ENTRY--PERSONAL NAME
Personal name Wilson,J.J.
9 (RLIN) 7453
700 ## - ADDED ENTRY--PERSONAL NAME
Personal name Moreton,Wil
9 (RLIN) 7454
942 ## - ADDED ENTRY ELEMENTS (KOHA)
Koha item type წიგნი
Source of classification or shelving scheme
ეგზემპლარები
Withdrawn status Lost status Source of classification or shelving scheme Damaged status Not for loan Permanent Location Current Location Shelving location Date acquired Full call number Barcode Date last seen Copy number Price effective from Koha item type
          ბათუმის შოთა რუსთაველის სახელმწიფო უნივერსიტეტის მთავარი ბიბლიოთეკა ბათუმის შოთა რუსთაველის სახელმწიფო უნივერსიტეტის მთავარი ბიბლიოთეკა წიგნსაცავი 2018-12-17 811.111(076) C-87 45703 2018-12-17 45703 2018-12-17 წიგნი